000
00332nam a22001457a 4500
008
230703b ||||| |||| 00| 0 eng d
020
_a
9780393265156
041
_a
eng
080
_2
SECOND EDITION
_a
159.9
082
_a
159.9GRI
100
_a
25
101
_a
PSI
245
_a
PSYCHOLOGY IN YOUR LIFE
_c
GRISON
942
_2
udc
_c
BK
999
_c
60085
_d
60085